Fr. Conceicao Rodrigues College of Engineering

How to prepare for Quantitative Aptitude (Record no. 21362)

MARC details
000 -LEADER
fixed length control field 00319nam a2200145Ia 4500
082 ## - DEWEY DECIMAL CLASSIFICATION NUMBER
Classification number 371.2
Item number SHA
100 ## - MAIN ENTRY--PERSONAL NAME
Personal name Sharma/Arun
245 ## - TITLE STATEMENT
Title How to prepare for Quantitative Aptitude
260 ## - PUBLICATION, DISTRIBUTION, ETC.
Name of publisher, distributor, etc. Tata Mc Graw hill Ltd.
Date of publication, distribution, etc. 2008
300 ## - PHYSICAL DESCRIPTION
Extent 523
546 ## - LANGUAGE NOTE
Language note ENGLISH
650 ## - SUBJECT ADDED ENTRY--TOPICAL TERM
Topical term or geographic name entry element Aptitude
942 ## - ADDED ENTRY ELEMENTS (KOHA)
Koha item type BOOK
Holdings
Withdrawn status Lost status Damaged status Not for loan Collection Home library Current library Date acquired Source of acquisition Cost, normal purchase price Inventory number Total Checkouts Full call number Barcode Date last seen Cost, replacement price Price effective from Koha item type
        CRC Fr. Agnel's C.Rodrigues College of Engineering Fr. Agnel's C.Rodrigues College of Engineering 17/03/2023 Jayant Book Centre 449.00 8537 dt 25/07/2009   371.2 SHA 20095 17/03/2023 449.00   BOOK